| 000 | 00566nam a22001817a 4500 | ||
|---|---|---|---|
| 003 | OSt | ||
| 005 | 20240614161826.0 | ||
| 008 | 240614b |||||||| |||| 00| 0 eng d | ||
| 020 | _a9783540434160 | ||
| 040 | _cMUST | ||
| 082 | _a511.353 LAN 2003 | ||
| 100 |
_aLangtangen, Hans Petter _917257 |
||
| 245 |
_aComputational partial differential equistions: _bNumerical methods and Diffpack programming / _cHans Petter Langtangen |
||
| 300 |
_axxvi, 855p. ; _bill. , _c24cm |
||
| 504 | _aBibliography and index included | ||
| 650 | _2Mathematics | ||
| 942 |
_2ddc _cO_SHELF |
||
| 999 |
_c8497 _d8497 |
||